<?xml version="1.0" encoding="UTF-8"?>
<record
    xmlns:xsi="http://www.w3.org/2001/XMLSchema-instance"
    xsi:schemaLocation="http://www.loc.gov/MARC21/slim http://www.loc.gov/standards/marcxml/schema/MARC21slim.xsd"
    xmlns="http://www.loc.gov/MARC21/slim">

  <leader>01374nab a2200193 i 4500</leader>
  <controlfield tag="001">768714001</controlfield>
  <controlfield tag="003">CO-MdFUSB</controlfield>
  <controlfield tag="005">20221018164727.0</controlfield>
  <controlfield tag="008">221018s1955    ck ||||| |||| 00| 0 spa d</controlfield>
  <datafield tag="040" ind1=" " ind2=" ">
    <subfield code="b">spa</subfield>
    <subfield code="c">CO-MdFUSB</subfield>
    <subfield code="d">CO-MdFUSB</subfield>
  </datafield>
  <datafield tag="041" ind1=" " ind2=" ">
    <subfield code="a">spa</subfield>
  </datafield>
  <datafield tag="100" ind1=" " ind2=" ">
    <subfield code="a">K&#xF6;vecses, G&#xE9;za, </subfield>
    <subfield code="e">autor</subfield>
  </datafield>
  <datafield tag="245" ind1=" " ind2=" ">
    <subfield code="a">Liturgia pastoral en la formaci&#xF3;n espiritual del sacerdote</subfield>
    <subfield code="c">/ G&#xE9;za K&#xF6;vecses</subfield>
  </datafield>
  <datafield tag="300" ind1=" " ind2=" ">
    <subfield code="a">N&#xFA;mero 16, (1965), p&#xE1;ginas 52 - 56</subfield>
    <subfield code="c">; 23 cm</subfield>
  </datafield>
  <datafield tag="520" ind1=" " ind2=" ">
    <subfield code="a">La Liturgia Pastoral es La pedagog&#xED;a espiritual por excelencia en la formaci&#xF3;n del Clero. Y cualquier estructura del Seminario o en cualquier modalidad de formaci&#xF3;n, conservar&#xE1; su valor, porque revela en ella el ritmo sacramental de la vida de la iglesia. Forma en el sacerdote "&#xE9;lan" sacerdotal, la tendencia b&#xE1;sica, que debe conservar durante toda su vida. Su misi&#xF3;n es vivir el Misterio Pascual de Cristo en su totalidad y transmitirlo al Pueblo de Dios, anunciarlo a todo el mundo. Los educadores la deben colocar en su debido lugar, cuidando de  que siempre conserve su influencia y su importancia centrales en la formaci&#xF3;n espiritual del sacerdote.</subfield>
  </datafield>
  <datafield tag="650" ind1=" " ind2="7">
    <subfield code="9">206</subfield>
    <subfield code="a">Liturgia</subfield>
  </datafield>
  <datafield tag="773" ind1="0" ind2=" ">
    <subfield code="0">68207</subfield>
    <subfield code="9">81327</subfield>
    <subfield code="a">Seminario Conciliar de Medell&#xED;n, </subfield>
    <subfield code="o">R2114</subfield>
    <subfield code="t">Revista del Seminario Conciliar de Medell&#xED;n - Colombia.</subfield>
    <subfield code="w">(CO-MdFUSB)768714001</subfield>
    <subfield code="g">N&#xFA;mero 16, (1965), p&#xE1;ginas 52 - 56</subfield>
    <subfield code="q">p&#xE1;ginas 52</subfield>
  </datafield>
  <datafield tag="942" ind1=" " ind2=" ">
    <subfield code="c">ANA</subfield>
  </datafield>
  <datafield tag="999" ind1=" " ind2=" ">
    <subfield code="c">68305</subfield>
    <subfield code="d">68305</subfield>
  </datafield>
</record>
